| 000 | 00899nas a2200265 4500 | ||
|---|---|---|---|
| 001 | BR0402365 | ||
| 003 | BR-BrBNA | ||
| 005 | 20231205104532.0 | ||
| 007 | ta | ||
| 008 | 230509b bl.|||p| |||| 00| 00por d | ||
| 040 |
_aBR-BrBNA _bpor _cBiblioteca Nacional de Agricultura |
||
| 041 | _a(Pt) | ||
| 072 | _aL10; L01 | ||
| 100 | 1 | _aLedic, I.L. | |
| 100 | 1 | _aVerneque, R. da S. | |
| 100 | 1 | _aMartinez, M.L. | |
| 245 | 1 | _aEstimativas de parâmetros fenotípicos e ambientes das produções de leite no dia do controle e em 305 dias de lactação em vacas da raça Gir | |
| 650 | _aGADO LEITEIRO | ||
| 650 | _aMELHORAMENTO GENÉTICO ANIMAL | ||
| 650 | _aCONTROLE LEITEIRO | ||
| 650 | _aPRODUÇÃO LEITEIRA | ||
| 773 | 0 |
_tCiência e Agrotecnologia (Brazil) _xISSN 1413-7054 _g(Jul-Aug 2003), v. 27(4) p. 920-926 _wBR0402365 |
|
| 909 |
_a202311 _bLúcia _c55 _dLúcia Elande |
||
| 942 |
_2AGRIS _n0 _cANA |
||
| 999 |
_c178585 _d178585 |
||